000 00956nam a2200277 a 4500
003 DO-SdBNP
005 20250429122821.0
007 ta
008 221110e2022 dr a|||gr|||| 001 edspa d
020 _a9789945807905
040 _aDO-SdBNP
_bspa
_cBMPHU
082 4 _222
_bD542d
245 _aLas 12 preguntas. /
_cNey Díaz
246 _aLas doce preguntas
250 _a2da. ed.
_bEdición Especial
260 _a[Santo Domingo] :
_b[s.n.]
_c2022
300 _a203 p. :
_bil. ;
_c23 cm.
500 _aIncluye datos biográficos del autor en la solapa de la cubierta.
590 _aInventariado 2022 / MF
650 4 _922338
_aVida Cotidiana
_xAnécdotas, Chistes, Sátiras, etc.
_zRepública Dominicana
650 4 _93074
_aHistorias
_xAnecdotas, Chistes, Sátiras, etc.
650 0 _aMotivación (Psicología)
_xRepública Dominicana
_9603
650 4 _913110
_aAutoayuda y Superación
_xRepública Dominicana
910 _aMFeliz
942 _2ddc
_cLBS1
999 _c52881
_d52881